<?xml version="1.0" encoding="UTF-8"?>
<record
    xmlns:xsi="http://www.w3.org/2001/XMLSchema-instance"
    xsi:schemaLocation="http://www.loc.gov/MARC21/slim http://www.loc.gov/standards/marcxml/schema/MARC21slim.xsd"
    xmlns="http://www.loc.gov/MARC21/slim">

  <leader>00354nam a22001577a 4500</leader>
  <datafield tag="999" ind1=" " ind2=" ">
    <subfield code="c">10652</subfield>
    <subfield code="d">10652</subfield>
  </datafield>
  <controlfield tag="003">OSt</controlfield>
  <controlfield tag="008">210520b           ||||| |||| 00| 0 eng d</controlfield>
  <datafield tag="020" ind1=" " ind2=" ">
    <subfield code="a">9780751527377</subfield>
  </datafield>
  <datafield tag="100" ind1=" " ind2=" ">
    <subfield code="a">ALBOM,Mitch</subfield>
  </datafield>
  <datafield tag="245" ind1=" " ind2=" ">
    <subfield code="a">Tuesdays with Morrie</subfield>
  </datafield>
  <datafield tag="250" ind1=" " ind2=" ">
    <subfield code="a">Rep</subfield>
  </datafield>
  <datafield tag="260" ind1=" " ind2=" ">
    <subfield code="a">New Delhi</subfield>
    <subfield code="b">Sphere</subfield>
    <subfield code="c">2017</subfield>
  </datafield>
  <datafield tag="300" ind1=" " ind2=" ">
    <subfield code="a">201</subfield>
  </datafield>
  <datafield tag="650" ind1=" " ind2=" ">
    <subfield code="a">Applied Sc</subfield>
  </datafield>
  <datafield tag="942" ind1=" " ind2=" ">
    <subfield code="2">ddc</subfield>
    <subfield code="c">BK</subfield>
    <subfield code="0">25</subfield>
  </datafield>
  <datafield tag="952" ind1=" " ind2=" ">
    <subfield code="0">0</subfield>
    <subfield code="1">0</subfield>
    <subfield code="2">ddc</subfield>
    <subfield code="4">0</subfield>
    <subfield code="7">0</subfield>
    <subfield code="8">GENERAL</subfield>
    <subfield code="a">PIET</subfield>
    <subfield code="b">PIET</subfield>
    <subfield code="d">2021-04-15</subfield>
    <subfield code="e">Kirti Praskshan</subfield>
    <subfield code="f">IN Rupees</subfield>
    <subfield code="g">299.00</subfield>
    <subfield code="k">IN2047</subfield>
    <subfield code="l">1</subfield>
    <subfield code="o">823 ALT</subfield>
    <subfield code="p">32891</subfield>
    <subfield code="r">2023-08-22 00:00:00</subfield>
    <subfield code="s">2023-08-09</subfield>
    <subfield code="v">239.20</subfield>
    <subfield code="w">2021-04-15</subfield>
    <subfield code="y">BK</subfield>
  </datafield>
  <datafield tag="952" ind1=" " ind2=" ">
    <subfield code="0">0</subfield>
    <subfield code="1">0</subfield>
    <subfield code="2">ddc</subfield>
    <subfield code="4">0</subfield>
    <subfield code="7">0</subfield>
    <subfield code="8">GENERAL</subfield>
    <subfield code="a">PIET</subfield>
    <subfield code="b">PIET</subfield>
    <subfield code="d">2021-04-15</subfield>
    <subfield code="e">Kirti Praskshan</subfield>
    <subfield code="f">IN Rupees</subfield>
    <subfield code="g">299.00</subfield>
    <subfield code="k">IN2047</subfield>
    <subfield code="l">11</subfield>
    <subfield code="o">823 ALT</subfield>
    <subfield code="p">32892</subfield>
    <subfield code="r">2023-11-07 00:00:00</subfield>
    <subfield code="s">2023-11-02</subfield>
    <subfield code="v">239.20</subfield>
    <subfield code="w">2021-04-15</subfield>
    <subfield code="y">BK</subfield>
  </datafield>
  <datafield tag="952" ind1=" " ind2=" ">
    <subfield code="0">0</subfield>
    <subfield code="1">0</subfield>
    <subfield code="2">ddc</subfield>
    <subfield code="4">0</subfield>
    <subfield code="7">0</subfield>
    <subfield code="8">GENERAL</subfield>
    <subfield code="a">PIET</subfield>
    <subfield code="b">PIET</subfield>
    <subfield code="d">2021-04-15</subfield>
    <subfield code="e">Kirti Praskshan</subfield>
    <subfield code="f">IN Rupees</subfield>
    <subfield code="g">299.00</subfield>
    <subfield code="k">IN2047</subfield>
    <subfield code="l">6</subfield>
    <subfield code="o">823 ALT</subfield>
    <subfield code="p">32893</subfield>
    <subfield code="r">2024-10-28 00:00:00</subfield>
    <subfield code="s">2024-10-15</subfield>
    <subfield code="v">239.20</subfield>
    <subfield code="w">2021-04-15</subfield>
    <subfield code="y">BK</subfield>
  </datafield>
  <datafield tag="952" ind1=" " ind2=" ">
    <subfield code="0">0</subfield>
    <subfield code="1">0</subfield>
    <subfield code="2">ddc</subfield>
    <subfield code="4">0</subfield>
    <subfield code="7">0</subfield>
    <subfield code="8">GENERAL</subfield>
    <subfield code="a">PIET</subfield>
    <subfield code="b">PIET</subfield>
    <subfield code="d">2021-04-15</subfield>
    <subfield code="e">Kirti Praskshan</subfield>
    <subfield code="f">IN Rupees</subfield>
    <subfield code="g">299.00</subfield>
    <subfield code="k">IN2047</subfield>
    <subfield code="l">11</subfield>
    <subfield code="o">823 ALT</subfield>
    <subfield code="p">32894</subfield>
    <subfield code="r">2024-05-23 00:00:00</subfield>
    <subfield code="s">2024-05-01</subfield>
    <subfield code="v">239.20</subfield>
    <subfield code="w">2021-04-15</subfield>
    <subfield code="y">BK</subfield>
  </datafield>
  <datafield tag="952" ind1=" " ind2=" ">
    <subfield code="0">0</subfield>
    <subfield code="1">0</subfield>
    <subfield code="2">ddc</subfield>
    <subfield code="4">0</subfield>
    <subfield code="7">0</subfield>
    <subfield code="8">GENERAL</subfield>
    <subfield code="a">PIET</subfield>
    <subfield code="b">PIET</subfield>
    <subfield code="d">2021-04-15</subfield>
    <subfield code="e">Kirti Praskshan</subfield>
    <subfield code="f">IN Rupees</subfield>
    <subfield code="g">299.00</subfield>
    <subfield code="k">IN2047</subfield>
    <subfield code="l">9</subfield>
    <subfield code="o">823 ALT</subfield>
    <subfield code="p">32895</subfield>
    <subfield code="r">2024-10-03 00:00:00</subfield>
    <subfield code="s">2024-09-19</subfield>
    <subfield code="v">239.20</subfield>
    <subfield code="w">2021-04-15</subfield>
    <subfield code="y">BK</subfield>
  </datafield>
</record>
